Gracie Abrams sudden death - Statistics

General Stats
  • This quiz has been taken 51 times
  • The average score is 11 of 15
Answers on the Grid
Answers color-coded by a green-red scale on the quiz's grid according to % correct below.
The bottom
Full machine
Read your mind
sue me
my tears ricochet
a long december
better
liability
block me out
let it happen
packing it up
scared of my guitar
friend
24
supercut
Amelie
tehe
Haunted
The 1
Unlearn
21
Bittersweet
I hate you im sorry
this is what the drugs are for
deja vu
Cassandra
Close to you
Stay
Daylight
shooting star
Feels like
Happier
 
Answer Stats
Answer % Correct
The bottom
86%
21
80%
Close to you
80%
let it happen
80%
block me out
77%
Feels like
77%
Full machine
77%
tehe
77%
Amelie
74%
friend
74%
packing it up
74%
this is what the drugs are for
74%
better
71%
Stay
66%
Unlearn
66%
No matching quizzes found
Score Distribution
Percent of People with Each Score
Percentile by Number Answered
Your Score History
You have not taken this quiz